Members Handbook England and Wales (Record no. 542999)

000 -LEADER
fixed length control field 00327nam a2200121 4500
082 ## - DEWEY DECIMAL CLASSIFICATION NUMBER
Classification number 388
Author Mark AUT
245 ## - TITLE STATEMENT
Title Members Handbook England and Wales
260 ## - PUBLICATION, DISTRIBUTION, ETC.
Place of publication, distribution, etc. London
Name of publisher, distributor, etc. The Automobile Association
Date of publication, distribution, etc. 1952
300 ## - PHYSICAL DESCRIPTION
Extent 320, P
Dimensions 20 CM
Accompanying material Maps
526 ## - STUDY PROGRAM INFORMATION NOTE
Program name 0
Interest level 0
Reading level 0
Title point value 388_000000000000000_AUT
700 ## - ADDED ENTRY--PERSONAL NAME
Personal name MCE
9 (RLIN) 23359
942 ## - ADDED ENTRY ELEMENTS (KOHA)
Source of classification or shelving scheme
Koha item type Book
Holdings
Withdrawn status Lost status Source of classification or shelving scheme Damaged status Not for loan Permanent Location Current Location Date acquired Total Checkouts Full call number Barcode Date last seen Copy number Price effective from Koha item type
          Military College of Engineering (MCE) Military College of Engineering (MCE) 02/28/2014   388 AUT MCE-40583 02/28/2014 L-17 P-20 03/14/2021 Book
© 2023 Central Library, National University of Sciences and Technology. All Rights Reserved.